MARC

LEADER 00000nam0a2200000 4500
001 375687
005 20250423063231.0
035 |a (RuTPU)RU\TPU\retro\33126 
035 |a RU\TPU\book\251285 
090 |a 375687 
100 |a 20221221d1941 k y0rusy50 ca 
101 0 |a rus 
102 |a RU 
105 |a a z 001zy 
200 1 |a Материалы к генезису Черновского и Букачачинского месторождений углей  |f Ю. А. Жемчужников  |g СССР, Комитет по делам геологии 
210 |a Москва  |a Ленинград  |c Госгеолиздат  |d 1941 
215 |a 34 с.  |c ил. 
225 1 |a Труды Всесоюзного научно-исследовательского геологического института (ВСЕГЕИ)  |v Вып. 134 
317 |5 63413507: КР-297  |a Поступила в НТБ в 2004 г. в составе книжного собрания профессора ТПИ К. В. Радугина. 
320 |a Библиогр.: с. 33. 
500 1 0 |a Труды Всесоюзного научно-исследовательского геологического института  |9 88882 
606 1 |a Угли ископаемые  |x Генезис  |2 stltpush  |3 (RuTPU)RU\TPU\subj\62432  |9 79508 
610 1 |a уголь 
610 1 |a месторождения 
610 1 |a генезис 
610 1 |a угольные бассейны 
610 1 |a угольные пласты 
610 1 |a Букачачинское месторождение 
610 1 |a Черновское месторождение 
610 1 |a библиотека К. В. Радугина 
675 |a 553.94.06  |v 3 
700 1 |a Жемчужников  |b Ю. А. 
712 0 2 |a СССР  |b Комитет по делам геологии  |c (1939-1946)  |3 (RuTPU)RU\TPU\col\18488  |9 27049 
801 1 |a RU  |b 63413507  |c 20130122 
801 2 |a RU  |b 63413507  |c 20221221  |g RCR 
850 |a 63413507 
942 |c CR